Dingbats #11 - Statistics

General Stats
  • This quiz has been taken 72 times
  • The average score is 6 of 16
Answer Stats
Picture Answer % Correct
Half-cocked
77%
Golden age
67%
Change of heart
64%
Shrinking violet
55%
A spanner in the works
48%
Red flag
42%
The thick of it
38%
Tin ear
38%
Double down
27%
Fifth column
25%
Heaven sent
22%
Luck of the devil
17%
Scorched earth
14%
Up to the nines
11%
Run out of steam
9%
Zero-sum game
6%
No matching quizzes found
Score Distribution
Percent of People with Each Score
Percentile by Number Answered
Your Score History
You have not taken this quiz